Aritmética elemental /

Guardado en:
Autor Principal: Gentile, Enzo R.
Formato: Libro
Idioma:Spanish
Publicado: Washington, D.C. : Secretaría General de la Organización de los Estados Americanos, Programa Regional de Desarrollo Científico y Tecnológico, 1985.
Series:Colección de monografías científicas. Serie de matemática ; monografía no. 25
Materias:
Etiquetas: Agregar Etiqueta
Sin Etiquetas, Sea el primero en etiquetar este registro!
LEADER 01391cam a2200205 a 4500
001 MAT.inmabb006315
008 860606s1985####dcu######b###i000#0#spa##
005 20180427103626.0
245 1 0 |a Aritmética elemental /  |c por Enzo R. Gentile. 
260 |a Washington, D.C. :  |b Secretaría General de la Organización de los Estados Americanos, Programa Regional de Desarrollo Científico y Tecnológico,  |c 1985. 
300 |a vii, 138 p. ;  |c 23 cm. 
440 0 |a Colección de monografías científicas.  |p Serie de matemática ;  |v monografía no. 25 
504 |a Bibliografía: p. 131-133. 
505 0 |a 1. Aspectos históricos -- 2. Divisibilidad en el conjunto Z de enteros racionales -- 3. Algoritmo de división en Z -- 4. Máximo común divisor -- 5. Mínimo común múltiplo -- 6. Teorema fundamental de la aritmética -- 7. Números perfectos -- 8. Orden p-ádico -- 9. Desarrollos s-ádicos -- 10. Parte entera y parte decimal de un número real -- 11. Congruencias -- 12. Ecuación lineal de congruencia -- 13. Sistemas de ecuaciones lineales de congruencias -- 14. Sistemas de restos. Función de Euler. Teorema de Fermat -- Ap. I. Principio de inducción -- Ap. II. Tabla de números primos menores que 10.000. 
020 |a 0827022271 (pbk.) 
100 1 |a Gentile, Enzo R. 
650 0 |a Mathematics. 
010 |a  85243053  
040 |a DLC  |c DLC  |d DLC 
859 |h 11  |i G338a  |p A-9183  |b BIB. MATEMATICA